000 00696nam a2200217Ia 4500
005 20250508164640.0
008 008 250505s9999 xx 000 0 eng d
020 _a978-3-631-54661-1
037 _aTextual
040 _aFEDL
_beng
_cFEDL
041 _aeng
_2eng
084 _a370.1523, POH/RR
_qFEDL
100 _aPohlman Craig
_932034
245 0 _aRevealing minds: Assessing to understand and support struggling learners
260 _aSan Francisco
_bJossey- Bass Publishers
_c2008
300 _axviii,326p.
365 _aUSD
_b29.95
650 _aEducation - Learning; Learning - Psychology
_9778739
942 _cTEXL
_h370.1523, POH/RR
999 _c1390324
_d1390324